[Event "9. Griesheimer Schachtage 2013"]
[Site "?"]
[Date "2013.??.??"]
[Round "2.7"]
[White "Dr. Launert, Martin"]
[Black "Sarkoezy, Benjamin"]
[Result "0-1"]
[WhiteElo "1887"]
[BlackElo "2136"]
[PlyCount "80"]

1. e4 c5 2. Nf3 Nc6 3. d4 cxd4 4. Nxd4 g6 5. Nxc6 bxc6 6. Qd4 Nf6 7. e5 Nd5 8.
e6 f6 9. exd7+ Bxd7 10. Bc4 e5 11. Qd1 Be6 12. O-O Bg7 13. Nd2 O-O 14. Nb3 Qe7
15. Qe2 f5 16. Be3 Nxe3 17. Bxe6+ Qxe6 18. Qxe3 f4 19. Qe4 f3 20. Nc5 Qe7 21.
Qxc6 Kh8 22. Ne4 Rac8 23. Qd5 Rxc2 24. Qb3 Rcc8 25. gxf3 Qh4 26. Rac1 Rb8 27.
Qc3 Qh3 28. Ng5 Qh5 29. Qe3 Rf5 30. Ne6 Bh6 31. Qxa7 Re8 32. Qd7 Rxe6 33. Rc8+
Bf8 34. Qd5 Ref6 35. Re1 Qh3 36. Rxe5 Rxf3 37. Ree8 Qg4+ 38. Kh1 Rxf2 39. Rxf8+
Rxf8 40. Qe5+ Kg8 0-1

[Event "9. Griesheimer Schachtage 2013"]
[Site "?"]
[Date "2013.??.??"]
[Round "2.8"]
[White "Haas, Vanessa"]
[Black "Tierling, Detlef"]
[Result "0-1"]
[WhiteElo "1828"]
[BlackElo "2033"]
[PlyCount "76"]

{16384kB. PentiumII
} 1. e4 e6 2. d4 d5 3. Nd2 Bd7 4. e5 c5 5. c3 b5 6. f4 c4
7. Be2 Nc6 8. Ngf3 Nge7 9. g4 h5 10. gxh5 Nf5 11. Nf1 Qa5 12. Ng3 b4 13. Bd2
Rb8 14. Nxf5 exf5 15. Kf2 Qb6 16. Qe1 a5 17. Bd1 Be7 18. Rg1 Rxh5 19. Rxg7 Be6
20. Rg8+ Kd7 21. Rxb8 Qxb8 22. Qg1 bxc3 23. Bxc3 Nb4 24. Be2 Qh8 25. a3 Nc6 26.
Qg2 Rh6 27. Rg1 Rg6 28. Qf1 Rg4 29. Ke3 Qh6 30. Ng5 Rxg5 31. fxg5 Bxg5+ 32. Kf2
Be3+ 33. Ke1 Qh4+ 34. Kd1 Qe4 35. Bf3 Qb1+ 36. Ke2 Qd3+ 37. Ke1 Bxg1 38. Qxg1
Qxf3 0-1

[Event "9. Griesheimer Schachtage 2013"]
[Site "?"]
[Date "2013.??.??"]
[Round "2.9"]
[White "Daechert, Peter"]
[Black "Mager, Thomas"]
[Result "1-0"]
[WhiteElo "2031"]
[BlackElo "1878"]
[PlyCount "67"]

1. b3 f5 2. Bb2 d6 3. d4 Nf6 4. Nc3 g6 5. Qd3 Bg7 6. O-O-O O-O 7. f3 Nbd7 8. e4
fxe4 9. Nxe4 Nxe4 10. fxe4 Nf6 11. Be2 Bd7 12. h4 Ng4 13. Nh3 e5 14. Qg3 Qc8
15. Bc4+ Kh8 16. h5 Qe8 17. hxg6 Qxg6 18. Kb1 exd4 19. Bxd4 Bxd4 20. Rxd4 Rae8
21. Rd5 Re7 22. Rg5 Qxe4 23. Bd3 Qd4 24. Rh5 Nf6 25. Rh4 Qe3 26. Qxe3 Rxe3 27.
Ng5 Rfe8 28. Nxh7 Re1+ 29. Kb2 Rxh1 30. Rxh1 Kg7 31. Nxf6 Kxf6 32. Rh6+ Ke5 33.
Rh7 Rd8 34. Rf7 1-0

[Event "9. Griesheimer Schachtage 2013"]
[Site "?"]
[Date "2013.??.??"]
[Round "2.10"]
[White "Bethke, Robert"]
[Black "Fichtner, Ewald"]
[Result "0-1"]
[WhiteElo "1053"]
[BlackElo "2026"]
[PlyCount "114"]

1. d4 d5 2. Nf3 Nf6 3. Bf4 c5 4. dxc5 e6 5. e3 Bxc5 6. Bb5+ Nc6 7. Ne5 Qb6 8.
Bxc6+ bxc6 9. Nd3 Be7 10. Nd2 Ba6 11. Rb1 O-O 12. O-O c5 13. Re1 Rac8 14. Ne5
Rfd8 15. Nef3 Ne4 16. Nxe4 dxe4 17. Nd2 Qa5 18. Nb3 Rxd1 19. Nxa5 Rxe1+ 20.
Rxe1 c4 21. Rd1 Bc5 22. b3 Bb6 23. Nxc4 Bxc4 24. bxc4 Rxc4 25. Rc1 Kf8 26. h3
Ke7 27. Kh2 f6 28. g4 e5 29. Bg3 Ba5 30. Kg2 Kd7 31. f3 exf3+ 32. Kxf3 Kc6 33.
c3 Rxc3 34. Rxc3+ Bxc3 35. Ke2 e4 36. h4 Kb5 37. Kd1 Kc4 38. Kc2 a5 39. h5 g6
40. hxg6 hxg6 41. Bf2 Be5 42. Kd1 Kd3 43. Kc1 a4 44. Kd1 Bd6 45. Kc1 Bc5 46.
Kd1 Bxe3 47. Bxe3 Kxe3 48. Ke1 f5 49. gxf5 gxf5 50. a3 f4 51. Kf1 f3 52. Ke1
Kd3 53. Kf2 Kd2 54. Kf1 e3 55. Kg1 e2 56. Kf2 e1=Q+ 57. Kxf3 Qe5 0-1

[Event "9. Griesheimer Schachtage 2013"]
[Site "?"]
[Date "2013.??.??"]
[Round "2.11"]
[White "Hoeck, Raimund"]
[Black "Auschkalnis, Reinhard"]
[Result "1-0"]
[WhiteElo "2004"]
[BlackElo "1807"]
[PlyCount "113"]

1. d4 Nf6 2. Nf3 e6 3. e3 Bb4+ 4. c3 Be7 5. Bd3 d5 6. O-O O-O 7. Ne5 Nbd7 8. f4
Re8 9. Nd2 Nf8 10. Qf3 c6 11. b3 g6 12. Bb2 N6d7 13. g3 f6 14. Ng4 h5 15. Nf2
f5 16. Rfd1 Nf6 17. Be2 N8h7 18. Nd3 Nd7 19. h3 Nhf6 20. Ne5 Kg7 21. Qg2 Rh8
22. Kf2 Nxe5 23. fxe5 Ne4+ 24. Nxe4 fxe4 25. Bc1 Bd7 26. Bd2 Rf8+ 27. Kg1 Bg5
28. Rf1 Qe7 29. Rxf8 Rxf8 30. Rf1 Rxf1+ 31. Qxf1 Qa3 32. Qb1 Qf8 33. Kg2 Bh6
34. g4 h4 35. c4 g5 36. c5 Kg6 37. b4 a6 38. a4 Qe8 39. Qf1 Qf8 40. Qxf8 Bxf8
41. Kf1 Be7 42. Ke1 Kf7 43. Kd1 Ke8 44. Kc2 Kd8 45. Kb3 Kc8 46. b5 axb5 47.
axb5 Kb8 48. Ka4 Bd8 49. Ba5 Bxa5 50. Kxa5 Ka7 51. bxc6 bxc6 52. Ba6 Kb8 53.
Kb6 Be8 54. Bb7 Bd7 55. Bxc6 Bc8 56. Be8 Ka8 57. c6 1-0

[Event "9. Griesheimer Schachtage 2013"]
[Site "?"]
[Date "2013.??.??"]
[Round "2.12"]
[White "Roediger, Thomas"]
[Black "Gloeckner, Hank"]
[Result "1-0"]
[WhiteElo "2100"]
[BlackElo "1450"]
[PlyCount "63"]

1. d4 g6 2. c4 Nh6 3. Nc3 d6 4. e4 c6 5. Nf3 f6 6. Be2 Na6 7. Be3 Nc7 8. Qd2
Nf7 9. Rd1 Bg7 10. O-O O-O 11. Ne1 e5 12. f4 f5 13. Nf3 Qe7 14. fxe5 dxe5 15.
dxe5 Nxe5 16. Nxe5 Bxe5 17. Bh6 Rf7 18. Qd8+ Ne8 19. Bg5 Qc5+ 20. Kh1 Qf8 21.
c5 Bc7 22. Qd4 Be6 23. Bc4 Bxc4 24. Qxc4 h6 25. exf5 Kg7 26. fxg6 Rxf1+ 27.
Rxf1 Qg8 28. Rf7+ Kxg6 29. Qe6+ Kh5 30. g4+ Kxg5 31. Qf5+ Kh4 32. Qh5# 1-0

[Event "9. Griesheimer Schachtage 2013"]
[Site "?"]
[Date "2013.??.??"]
[Round "2.13"]
[White "Ehmsen, Eckard"]
[Black "Bethke, Richard"]
[Result "1/2-1/2"]
[WhiteElo "1979"]
[BlackElo "1604"]
[PlyCount "108"]

1. c4 e5 2. Nc3 Nf6 3. g3 d5 4. cxd5 Nxd5 5. Bg2 Nxc3 6. bxc3 Be7 7. d3 c6 8.
Nf3 Qa5 9. Qc2 Bg4 10. O-O O-O 11. Rb1 Qc7 12. d4 exd4 13. cxd4 Nd7 14. Bf4 Qc8
15. h3 Be6 16. Ng5 Bxg5 17. Bxg5 h6 18. Bd2 Nf6 19. Kh2 Rd8 20. Bc3 Nd5 21. Ba1
a5 22. a3 b5 23. e4 Nb6 24. Qc3 Na4 25. Qc2 Bc4 26. Rfe1 c5 27. Rbd1 cxd4 28.
Bxd4 Nc5 29. Qc3 Ne6 30. Be3 Rxd1 31. Rxd1 Be2 32. Rc1 Qxc3 33. Rxc3 b4 34.
axb4 axb4 35. Rb3 Rb8 36. Bd2 Nc5 37. Rxb4 Rxb4 38. Bxb4 Nd3 39. Bc3 Nxf2 40.
Bd4 Nd3 41. e5 Ne1 42. Bc3 Nf3+ 43. Bxf3 Bxf3 44. Kg1 Kh7 45. Kf2 Bd5 46. Ke3
Kg6 47. Kf4 Be6 48. h4 Kh5 49. Ke3 Kg4 50. Kf2 Bd5 51. Bb2 h5 52. Bc3 g5 53.
hxg5 Kxg5 54. Bb2 h4 1/2-1/2

[Event "9. Griesheimer Schachtage 2013"]
[Site "?"]
[Date "2013.??.??"]
[Round "2.14"]
[White "Schellen, Sven"]
[Black "Fuchs, Andreas"]
[Result "0-1"]
[WhiteElo "1802"]
[BlackElo "1515"]
[PlyCount "90"]

1. d4 Nf6 2. c4 c5 3. Nf3 g6 4. g3 Bg7 5. Bg2 O-O 6. Nc3 d6 7. dxc5 dxc5 8. Nd2
Nc6 9. O-O Be6 10. e4 Qd7 11. Nd5 Bh3 12. Nb3 b6 13. Re1 Rfd8 14. Bxh3 Qxh3 15.
Nxf6+ Bxf6 16. Qe2 Rd7 17. Qf1 Qxf1+ 18. Kxf1 Ne5 19. Nd2 Nd3 20. Re3 Nxc1 21.
Nf3 Bxb2 22. Rb1 Rd1+ 23. Kg2 Bd4 24. Ra3 Bg7 25. e5 e6 26. Re3 Bh6 27. Ra3 Rd3
28. Ra6 Ne2 29. Rbxb6 axb6 30. Rxa8+ Bf8 31. Ng5 Rc3 32. Ne4 Rxc4 33. Nf6+ Kg7
34. Ne8+ Kh6 35. Nf6 Bg7 36. Ng4+ Rxg4 37. Kf3 Rb4 38. Kxe2 Bxe5 39. f4 Bd4 40.
Ra7 f5 41. h3 Rb2+ 42. Kd3 Rg2 43. a4 Rxg3+ 44. Kc4 Rxh3 45. Ra6 Ra3 0-1

[Event "9. Griesheimer Schachtage 2013"]
[Site "?"]
[Date "2013.??.??"]
[Round "2.15"]
[White "Peteani, Damien"]
[Black "Reichel, Rolf"]
[Result "0-1"]
[WhiteElo "1438"]
[BlackElo "1787"]
[PlyCount "60"]
[EventDate "2013.??.??"]

{16384kB. PentiumII} 1. e4 1... c5 2. Nf3 Nc6 3. d4 cxd4 4. Nxd4 d6 5. Nc3 a6
6. Be3 e6 7. f3 g6 8. Qd2 Bg7 9. Bc4 Qc7 10. Bb3 Nf6 11. a4 O-O 12. Nxc6 bxc6
13. Bh6 Bb7 14. Bxg7 Kxg7 15. O-O-O Rfd8 16. f4 c5 17. Qe2 Qc6 18. e5 dxe5 19.
fxe5 Nd5 20. Bxd5 exd5 21. Qf2 d4 22. Ne2 Qxa4 23. Qf6+ Kg8 24. e6 Qe8 25. Nf4
Bd5 26. Rde1 fxe6 27. Nxe6 Bxe6 28. Rxe6 Qf7 29. Rxa6 Qxf6 30. Rxf6 Ra1+ 0-1

[Event "9. Griesheimer Schachtage 2013"]
[Site "?"]
[Date "2013.??.??"]
[Round "2.16"]
[White "Hartmann, Marc H."]
[Black "Lehmann, Gerit"]
[Result "1-0"]
[WhiteElo "1787"]
[BlackElo "1491"]
[PlyCount "101"]

{16384kB. PentiumII
} 1. e4 e6 2. Nf3 d5 3. e5 c5 4. b4 a6 5. bxc5 Bxc5 6. d4
Bb4+ 7. c3 Ba5 8. Bd3 h6 9. O-O Bd7 10. a4 Nc6 11. Ne1 Nge7 12. f4 Qb6 13. Nf3
Rc8 14. Bd2 Na7 15. Kh1 Rc6 16. Nh4 Qb2 17. Ra3 Qb6 18. f5 exf5 19. Bxf5 Bxf5
20. Nxf5 Nxf5 21. Rxf5 g6 22. Rf3 Re6 23. Rb3 Qc6 24. Qf1 Rh7 25. Bxh6 Qc4 26.
Qxc4 dxc4 27. Rxb7 Re7 28. Rb8+ Bd8 29. Bg5 Rd7 30. Bxd8 Rxd8 31. Rxd8+ Kxd8
32. Nd2 Kd7 33. Nxc4 Nc6 34. d5 Nd8 35. Nb6+ Kc7 36. a5 Rh4 37. Re3 Rf4 38. Kg1
Nb7 39. g3 Rf5 40. Nc4 Kd7 41. Kg2 Nc5 42. Rf3 Rxf3 43. Kxf3 Ke7 44. Ke3 Nb3
45. h4 Nc5 46. g4 Nd7 47. Kf4 f6 48. h5 fxe5+ 49. Nxe5 gxh5 50. Nxd7 Kxd7 51.
gxh5 1-0

[Event "9. Griesheimer Schachtage 2013"]
[Site "?"]
[Date "2013.??.??"]
[Round "2.18"]
[White "Felde, Philipp"]
[Black "Puzzo, Peter"]
[Result "1/2-1/2"]
[WhiteElo "1420"]
[BlackElo "1720"]
[PlyCount "73"]

1. d4 d5 2. c4 e6 3. g3 Nf6 4. Bg2 Be7 5. Nf3 O-O 6. O-O Nbd7 7. Nbd2 c5 8. b3
Qb6 9. Bb2 Rd8 10. Qc2 Nf8 11. e3 Bd7 12. dxc5 Bxc5 13. Ne5 Rac8 14. Nxd7 N8xd7
15. Rfd1 Be7 16. Qd3 Qa6 17. Qf1 Nb6 18. cxd5 Qxf1+ 19. Bxf1 Nbxd5 20. Rac1 Kf8
21. Rxc8 Rxc8 22. Rc1 Rxc1 23. Bxc1 Nb4 24. a4 Nd7 25. Bb2 Nc5 26. Bc4 Nbd3 27.
Bc3 Nc1 28. Bb2 N5d3 29. Bc3 g6 30. Kf1 Nc5 31. Bb2 N1d3 32. Bc3 Bd6 33. Ke2
Ne5 34. Bxe5 Bxe5 35. Nf3 Bf6 36. Ne1 Ke7 37. Nd3 1/2-1/2

[Event "9. Griesheimer Schachtage 2013"]
[Site "?"]
[Date "2013.??.??"]
[Round "2.18"]
[White "Renger, Juergen"]
[Black "Sljvac, Zeljko-Mario"]
[Result "1-0"]
[WhiteElo "1618"]
[BlackElo "1426"]
[PlyCount "59"]

1. d4 Nf6 2. c4 e6 3. g3 d5 4. Nf3 b6 5. Bg2 Bb7 6. O-O Be7 7. cxd5 Nxd5 8. a3
O-O 9. Qc2 Nd7 10. e4 N5f6 11. Nc3 c5 12. Rd1 cxd4 13. Nxd4 Qc8 14. Qe2 e5 15.
Nf5 Re8 16. Be3 Bf8 17. Rac1 Qb8 18. Bg5 h6 19. Bxf6 Nxf6 20. Qf3 Nh7 21. h4 g6
22. Ne3 Rd8 23. Ncd5 Bxd5 24. Nxd5 Rc8 25. Bh3 Rxc1 26. Rxc1 Qd8 27. Rc7 f6 28.
Rd7 Qb8 29. Nxf6+ Nxf6 30. Be6+ 1-0

[Event "9. Griesheimer Schachtage 2013"]
[Site "?"]
[Date "2013.??.??"]
[Round "2.19"]
[White "Breining, Anton"]
[Black "Urbach, Jens"]
[Result "1-0"]
[WhiteElo "1342"]
[BlackElo "1606"]
[PlyCount "117"]

1. e4 e5 2. Nf3 Nf6 3. Nc3 Nc6 4. g3 d5 5. exd5 Nxd5 6. Bg2 Nxc3 7. bxc3 Be7 8.
d3 O-O 9. O-O Re8 10. Bb2 Bf6 11. Nd2 Bd7 12. Ne4 Be7 13. Nd2 Rb8 14. Be4 f5
15. Bg2 Bf6 16. Re1 Ne7 17. Rb1 Bc6 18. f3 Ng6 19. Bh3 f4 20. g4 Bh4 21. Re2
Bf6 22. Ne4 Nh4 23. Bg2 Nxg2 24. Kxg2 Bh4 25. d4 Bb5 26. Rd2 exd4 27. Rxd4 Qe7
28. c4 Bc6 29. Qd2 Qf7 30. Rd1 Bxe4 31. Rd7 Bxf3+ 32. Kxf3 Re3+ 33. Qxe3 fxe3+
34. Rxf7 Kxf7 35. Rd7+ Be7 36. Rxc7 g6 37. Kxe3 Ke6 38. Ke4 h6 39. Be5 Bd6 40.
Bxd6 Kxd6 41. Rg7 Re8+ 42. Kd3 Kc5 43. Rxb7 Rd8+ 44. Kc3 Rd4 45. Rc7+ Kb6 46.
Kxd4 Kxc7 47. Kd5 a6 48. a4 g5 49. a5 Kd7 50. c5 Kc7 51. c6 Kd8 52. Kd6 Kc8 53.
c7 h5 54. gxh5 g4 55. h6 g3 56. hxg3 Kb7 57. Kd7 Ka7 58. h7 Kb7 59. c8=Q+ 1-0

[Event "9. Griesheimer Schachtage 2013"]
[Site "?"]
[Date "2013.??.??"]
[Round "2.20"]
[White "Bejan, Viorel"]
[Black "Troeger, Beate"]
[Result "1-0"]
[WhiteElo "1605"]
[BlackElo "1354"]
[PlyCount "87"]

1. e4 c5 2. Nc3 d6 3. f4 Nd7 4. Nf3 a6 5. g3 b5 6. Bg2 Bb7 7. O-O Nb6 8. Qe2 e6
9. Kh1 Ne7 10. d4 Qc7 11. Nd1 cxd4 12. Nxd4 g6 13. c3 Bg7 14. Bd2 O-O 15. Rc1
Qc4 16. b3 Qxe2 17. Nxe2 Rac8 18. Be3 Nd7 19. Nf2 d5 20. Rfd1 Nf6 21. e5 Ne4
22. Nxe4 dxe4 23. Rd7 Nf5 24. Bb6 Bc6 25. Ra7 e3 26. Nd4 Bxg2+ 27. Kxg2 Nxd4
28. Bxd4 e2 29. b4 Rfd8 30. Re1 Ra8 31. Rxa8 Rxa8 32. Rxe2 a5 33. a3 axb4 34.
axb4 Ra4 35. Rd2 h5 36. h3 Bh6 37. h4 Kh7 38. Bc5 Ra3 39. Rc2 Bg7 40. Be7 Kg8
41. c4 bxc4 42. Rxc4 Rb3 43. Rc8+ Kh7 44. Rb8 1-0

[Event "9. Griesheimer Schachtage 2013"]
[Site "?"]
[Date "2013.??.??"]
[Round "2.21"]
[White "Berger, Achim"]
[Black "Boehm, Horst"]
[Result "0-1"]
[WhiteElo "1587"]
[BlackElo "1276"]
[PlyCount "106"]

1. e4 e5 2. f4 exf4 3. Nf3 d6 4. Bc4 Be7 5. O-O Nf6 6. d3 O-O 7. Bxf4 Nc6 8. a3
Be6 9. Bb5 a6 10. Ba4 b5 11. Bb3 Na5 12. Nbd2 Nxb3 13. Nxb3 a5 14. Nbd4 Qd7 15.
Kh1 c5 16. Ne2 Qc6 17. Qe1 Rae8 18. Rd1 a4 19. Ng3 Nd7 20. d4 d5 21. e5 c4 22.
c3 f6 23. Qe2 fxe5 24. Nxe5 Nxe5 25. Bxe5 Qd7 26. Qe3 Bd6 27. Qg5 Bxe5 28. dxe5
Rf7 29. Nh5 Kh8 30. Nf4 Rf5 31. Qg4 Ref8 32. g3 Kg8 33. Qe2 g5 34. Nxe6 Rxf1+
35. Rxf1 Rxf1+ 36. Qxf1 Qxe6 37. Qe2 Kg7 38. g4 Qg6 39. Kg2 Kf7 40. Kf3 Ke6 41.
Qe3 Qd3 42. Qxd3 cxd3 43. Ke3 Kxe5 44. Kxd3 Kf4 45. Kd4 Kxg4 46. Kxd5 Kh3 47.
Kc5 Kxh2 48. Kxb5 g4 49. c4 g3 50. c5 g2 51. c6 g1=Q 52. c7 Qg8 53. Kc6 Qc8 0-1

[Event "9. Griesheimer Schachtage 2013"]
[Site "?"]
[Date "2013.??.??"]
[Round "2.22"]
[White "Henkelmann, Frank"]
[Black "Saluvar, Buelent"]
[Result "0-1"]
[WhiteElo "1251"]
[BlackElo "1555"]
[PlyCount "56"]

1. e4 e6 2. d4 d5 3. Nc3 Nf6 4. Bf4 Bb4 5. e5 Ne4 6. Qf3 O-O 7. Nge2 c5 8.
O-O-O Nxc3 9. Nxc3 Qa5 10. Nb5 c4 11. Nd6 Qxa2 12. c3 Qa1+ 13. Kc2 Qa4+ 14. Kd2
Bxd6 15. exd6 Qb3 16. Qg3 Qxb2+ 17. Ke1 Qc2 18. Rd3 cxd3 19. Bxd3 Qxc3+ 20. Ke2
Qxd4 21. Rc1 f6 22. Rc7 Nd7 23. Be3 Qe5 24. Qh3 f5 25. g4 d4 26. g5 dxe3 27. g6
exf2+ 28. Kxf2 h6 0-1

[Event "9. Griesheimer Schachtage 2013"]
[Site "?"]
[Date "2013.??.??"]
[Round "2.23"]
[White "Glende, Dirk"]
[Black "Viol, Julius"]
[Result "1-0"]
[WhiteElo "1545"]
[BlackElo "1233"]
[PlyCount "121"]

1. d4 d5 2. c4 Nf6 3. cxd5 Nxd5 4. e4 Nb6 5. Nf3 e6 6. Nc3 Be7 7. Bd3 a6 8. O-O
O-O 9. Be3 Kh8 10. Rc1 Nc6 11. a3 Na5 12. Ne2 Bd7 13. b4 Ba4 14. Bc2 Bxc2 15.
Rxc2 Nac4 16. Qc1 Nxe3 17. Qxe3 Re8 18. Qf4 f6 19. Qxc7 Qxc7 20. Rxc7 Rab8 21.
Rd1 Bd6 22. Rc2 Rbc8 23. Rdc1 Rxc2 24. Rxc2 Rc8 25. Rxc8+ Nxc8 26. e5 fxe5 27.
dxe5 Bc7 28. Ned4 Ne7 29. Nxe6 Bb8 30. Nc5 Kg8 31. Nxb7 Kf7 32. Nc5 Ba7 33.
Nxa6 Ke6 34. a4 Kd5 35. Nc7+ Kc4 36. b5 Kb4 37. Kf1 Kxa4 38. Ke2 Ka5 39. Ne8
Kxb5 40. Nxg7 Kc6 41. Ng5 Kd5 42. f4 Bc5 43. Kf3 Ng6 44. g3 Nxe5+ 45. fxe5 Kxe5
46. Nxh7 Bg1 47. h4 Kd6 48. g4 Ke7 49. Nf5+ Kf7 50. g5 Kg6 51. Kg4 Kxh7 52. h5
Kg8 53. g6 Bc5 54. Kg5 Bf8 55. Nh6+ Bxh6+ 56. Kxh6 Kh8 57. Kg5 Kg7 58. h6+ Kg8
59. Kf6 Kh8 60. g7+ Kh7 61. Kf7 1-0

[Event "9. Griesheimer Schachtage 2013"]
[Site "?"]
[Date "2013.??.??"]
[Round "3.1"]
[White "Walter, Stefan"]
[Black "Tierling, Detlef"]
[Result "1-0"]
[WhiteElo "2330"]
[BlackElo "2033"]
[PlyCount "71"]

{16384kB. PentiumII
} 1. d4 d5 2. c4 c6 3. e3 Nf6 4. Nf3 Bg4 5. Qb3 Qb6 6. Nc3
Bxf3 7. gxf3 e6 8. Bd2 Nbd7 9. Be2 dxc4 10. Bxc4 Qxb3 11. Bxb3 g6 12. Ke2 Bg7
13. Rhd1 O-O 14. a3 Rfd8 15. Ba2 a5 16. Rac1 Nd5 17. Ne4 Bf8 18. Be1 Be7 19. h3
Rdc8 20. Rc2 Kf8 21. Rdc1 Ke8 22. Nd2 a4 23. Nc4 Ra7 24. Bd2 b5 25. Na5 c5 26.
dxc5 Rxc5 27. Bxd5 exd5 28. Bb4 Rxc2+ 29. Rxc2 Bxb4 30. Rc8+ Ke7 31. Nc6+ Ke6
32. Nxa7 Bd6 33. Nxb5 Nb6 34. Rc6 Nc4 35. Nxd6 Nxd6 36. Ra6 1-0

[Event "9. Griesheimer Schachtage 2013"]
[Site "?"]
[Date "2013.??.??"]
[Round "3.3"]
[White "Rosenberger, Frank"]
[Black "Daechert, Peter"]
[Result "1/2-1/2"]
[WhiteElo "2143"]
[BlackElo "2031"]
[PlyCount "28"]

1. e4 c5 2. Nf3 Nc6 3. d4 cxd4 4. Nxd4 Nf6 5. Nc3 g6 6. Bc4 Qb6 7. Nb3 Bg7 8.
O-O O-O 9. Be3 Qd8 10. h3 a6 11. a4 d6 12. a5 Bd7 13. Bb6 Qc8 14. Nd2 Ne5
1/2-1/2

[Event "9. Griesheimer Schachtage 2013"]
[Site "?"]
[Date "2013.??.??"]
[Round "3.4"]
[White "Hornung, Thomas"]
[Black "Bahlke, Wolfgang"]
[Result "0-1"]
[WhiteElo "1946"]
[BlackElo "2141"]
[PlyCount "138"]

1. d4 d5 2. c4 e6 3. Nf3 Nf6 4. Bg5 Nbd7 5. e3 c6 6. Nbd2 Qa5 7. a3 Bd6 8. b4
Qd8 9. cxd5 exd5 10. Bd3 h6 11. Bh4 Qe7 12. O-O g5 13. Bg3 Bxg3 14. hxg3 Ne4
15. Qc2 Ndf6 16. Ne5 Nxd2 17. Qxd2 Ng4 18. Nxg4 Bxg4 19. f3 Be6 20. Kf2 h5 21.
Qc2 h4 22. Rh1 Qd6 23. gxh4 gxh4 24. f4 Bd7 25. Rh2 O-O-O 26. b5 Kb8 27. a4 Rc8
28. bxc6 Bxc6 29. Qd2 Bd7 30. Rhh1 Qf6 31. Rab1 Bf5 32. Bxf5 Qxf5 33. Rb2 Rc7
34. Rc1 Rhc8 35. Rxc7 Rxc7 36. a5 Qg6 37. Kf1 a6 38. Ke1 Qg3+ 39. Kf1 h3 40.
gxh3 Qxh3+ 41. Ke2 Qg2+ 42. Ke1 Qh1+ 43. Ke2 f5 44. Qe1 Qh5+ 45. Kd3 Qf3 46.
Qg1 Ka7 47. Kd2 Qe4 48. Qg6 Qh1 49. Qb6+ Kb8 50. Qb3 Qg2+ 51. Kd3 Qf1+ 52. Kd2
Qc1+ 53. Kd3 Qc6 54. Rg2 Qe6 55. Rb2 Rh7 56. Re2 Qe4+ 57. Kd2 Rh1 58. Qc2 Qxc2+
59. Kxc2 Ra1 60. Kc3 Rxa5 61. Rg2 Ra3+ 62. Kb4 Rxe3 63. Rg5 Re4 64. Kc5 Rxf4
65. Kb6 Kc8 66. Rg8+ Kd7 67. Kxb7 Rxd4 68. Kxa6 Rc4 69. Rg6 Rc6+ 0-1

[Event "9. Griesheimer Schachtage 2013"]
[Site "?"]
[Date "2013.??.??"]
[Round "3.5"]
[White "Sarkoezy, Benjamin"]
[Black "Hoeck, Raimund"]
[Result "1-0"]
[WhiteElo "2136"]
[BlackElo "2004"]
[PlyCount "95"]

1. e4 c5 2. Nf3 d6 3. d4 cxd4 4. Nxd4 Nf6 5. Nc3 a6 6. Be3 e6 7. Qd2 Be7 8. f3
Qc7 9. O-O-O O-O 10. g4 Nc6 11. h4 Nd7 12. g5 Nxd4 13. Bxd4 b5 14. Qg2 Bb7 15.
Kb1 Rfc8 16. a3 d5 17. exd5 e5 18. Be3 Bxa3 19. Ne4 Bd6 20. h5 Kh8 21. g6 h6
22. gxf7 Nc5 23. Bxh6 Bf8 24. Bxg7+ Bxg7 25. h6 Bf6 26. Nxf6 Qxf7 27. Ne4 Rg8
28. Qh2 Nxe4 29. fxe4 Qf4 30. Qxf4 exf4 31. Bh3 Bc8 32. Rdf1 Rf8 33. e5 Bxh3
34. Rxh3 Rf5 35. e6 Rxd5 36. Rxf4 Re8 37. Re4 Rd6 38. e7 Kh7 39. Rf3 Rd7 40.
Rf7+ Kxh6 41. Rf6+ Kg7 42. Rxa6 Rexe7 43. Rxe7+ Rxe7 44. Rb6 Re5 45. Ka2 Re2
46. Kb3 Re3+ 47. c3 Re5 48. Kb4 1-0

[Event "9. Griesheimer Schachtage 2013"]
[Site "?"]
[Date "2013.??.??"]
[Round "3.6"]
[White "Leiter, Thomas"]
[Black "Roediger, Thomas"]
[Result "1/2-1/2"]
[WhiteElo "2226"]
[BlackElo "2100"]
[PlyCount "38"]

1. e4 c5 2. Nf3 d6 3. d4 cxd4 4. Nxd4 Nf6 5. Nc3 a6 6. Bg5 e5 7. Nf5 Bxf5 8.
exf5 Be7 9. Qf3 Nc6 10. O-O-O O-O 11. Be3 Rc8 12. g4 Qa5 13. g5 e4 14. Qe2 Nb4
15. Bd4 Rxc3 16. bxc3 Nxa2+ 17. Kd2 Nd5 18. f6 Ndxc3 19. Qc4 Qxg5+ 1/2-1/2

[Event "9. Griesheimer Schachtage 2013"]
[Site "?"]
[Date "2013.??.??"]
[Round "3.7"]
[White "Schmitt, Christian"]
[Black "Gutacker, Stephan"]
[Result "1-0"]
[WhiteElo "2183"]
[BlackElo "1965"]
[PlyCount "79"]

1. e4 e5 2. Nf3 Nc6 3. d4 exd4 4. Nxd4 Bc5 5. Nxc6 Qf6 6. Qd2 dxc6 7. Nc3 Be6
8. Bd3 O-O-O 9. O-O a6 10. Na4 Ba7 11. Qa5 Kb8 12. Bg5 Qd4 13. Bxd8 Qxd8 14.
Nc5 Bc8 15. Qc3 Nf6 16. b4 Re8 17. Rad1 Qe7 18. Rfe1 g6 19. a3 h5 20. Bf1 g5
21. Bc4 Ng4 22. Bf1 Ne5 23. Qd2 Qf6 24. c4 g4 25. Be2 Rg8 26. Qd4 Qg5 27. Qe3
Qf6 28. Qd4 Qg5 29. Qe3 Qf6 30. Kh1 h4 31. Rf1 h3 32. g3 Be6 33. Qd4 Bxc4 34.
f4 Bxe2 35. fxe5 Bf3+ 36. Kg1 Qe7 37. Kf2 b6 38. Nb3 Kc8 39. Rd3 c5 40. Qd5 1-0

[Event "9. Griesheimer Schachtage 2013"]
[Site "?"]
[Date "2013.??.??"]
[Round "3.8"]
[White "Bethke, Richard"]
[Black "Neuner, Johannes"]
[Result "0-1"]
[WhiteElo "1604"]
[BlackElo "2004"]
[PlyCount "144"]

1. c4 c6 2. Nc3 d5 3. e3 Nf6 4. d4 a6 5. Nf3 b5 6. c5 Bg4 7. a4 b4 8. Na2 a5 9.
b3 Nbd7 10. Bd3 e5 11. Be2 Be7 12. Nxe5 Bxe2 13. Qxe2 Nxe5 14. dxe5 Ne4 15. Bb2
Nxc5 16. Qc2 Rc8 17. O-O O-O 18. Nc1 Qd7 19. Nd3 Ne4 20. f3 Ng5 21. f4 Ne4 22.
f5 c5 23. f6 gxf6 24. exf6 Bd6 25. Nf4 c4 26. Nxd5 Bxh2+ 27. Kxh2 Qxd5 28. Qe2
Kh8 29. Rad1 Qg5 30. Qf3 Qh4+ 31. Kg1 c3 32. Bc1 Ng5 33. Qf4 Qxf4 34. Rxf4 Ne6
35. Rh4 Rfd8 36. Rf1 Rg8 37. Kf2 Rg6 38. Ke2 Rxg2+ 39. Kd3 Nc5+ 40. Kd4 Nxb3+
41. Kd5 Nxc1 42. Kd6 Rg6 43. Rfh1 h6 44. Ke5 Nd3+ 45. Kd4 c2 46. Kxd3 c1=Q 47.
Rxc1 Rxc1 48. Kd2 Rc3 49. Rh5 Ra3 50. Kc1 Ra2 51. Kb1 b3 52. Rh1 Rxf6 53. e4
Rff2 54. Rxh6+ Kg7 55. Rh1 Rfb2+ 56. Kc1 Ra1+ 57. Kxb2 Rxh1 58. Kxb3 Kf6 59.
Kc4 Rb1 60. Kd5 Rb4 61. e5+ Kf5 62. Kd6 Rxa4 63. Ke7 Kxe5 64. Kxf7 Rg4 65. Ke7
Rg7+ 66. Kf8 Kf6 67. Ke8 Ke6 68. Kd8 Rh7 69. Kc8 Kd6 70. Kb8 Kc6 71. Ka8 Kb6
72. Kb8 Rh8# 0-1

[Event "9. Griesheimer Schachtage 2013"]
[Site "?"]
[Date "2013.??.??"]
[Round "3.9"]
[White "Saluvar, Buelent"]
[Black "Ehmsen, Eckard"]
[Result "1-0"]
[WhiteElo "1555"]
[BlackElo "1979"]
[PlyCount "77"]

1. d4 Nf6 2. Nf3 g6 3. c4 Bg7 4. Nc3 O-O 5. e4 d6 6. Be2 e5 7. O-O Nc6 8. d5
Ne7 9. b4 Nh5 10. Ne1 Nf4 11. Nd3 Nxe2+ 12. Qxe2 f5 13. c5 fxe4 14. Nxe4 Nxd5
15. cxd6 cxd6 16. b5 Nf6 17. Ba3 Nxe4 18. Qxe4 d5 19. Qb4 Rf7 20. Bb2 Qg5 21.
f4 exf4 22. Bxg7 Kxg7 23. Qb2+ Kg8 24. Ne5 Rf5 25. Nf3 Qf6 26. Qd2 g5 27. Rfe1
Bd7 28. Nd4 Re5 29. Rxe5 Qxe5 30. Re1 Qd6 31. Qd3 Re8 32. Rxe8+ Bxe8 33. Qf5
Qe7 34. Kf1 Bg6 35. Qxd5+ Kg7 36. Ne6+ Kh6 37. h4 gxh4 38. Qe5 Qb4 39. Qg5# 1-0

[Event "9. Griesheimer Schachtage 2013"]
[Site "?"]
[Date "2013.??.??"]
[Round "3.11"]
[White "Fuchs, Andreas"]
[Black "Schmitt, Roland"]
[Result "0-1"]
[WhiteElo "1515"]
[BlackElo "1934"]
[PlyCount "84"]

1. f4 Nf6 2. g3 g6 3. Bg2 Bg7 4. d3 d6 5. Nf3 c5 6. O-O O-O 7. c3 Nc6 8. e4 Rb8
9. Kh1 b5 10. h3 c4 11. g4 cxd3 12. Qxd3 Bb7 13. Be3 d5 14. e5 Ne4 15. Kh2 a6
16. Nbd2 Qc7 17. Nd4 Nc5 18. Qe2 Ne6 19. Bg1 Nxf4 20. Qf3 Bxe5 21. Kh1 Nxg2 22.
Qxg2 Bg7 23. Rae1 e5 24. Bh2 Rbe8 25. N2f3 Qb6 26. Nb3 a5 27. Bg1 d4 28. cxd4
exd4 29. Rd1 a4 30. Nc1 Re3 31. Bxe3 dxe3 32. Rfe1 f5 33. g5 f4 34. Rd7 Ba8 35.
b3 Ne5 36. Rxg7+ Kxg7 37. Rf1 Nxf3 38. Rxf3 Qc6 39. Qb2+ Kg8 40. Qg2 Qxf3 41.
Qxf3 Bxf3+ 42. Kh2 e2 0-1